Die Tyrannei der Lust: Sexualität und Gesellschaft
| Main Author: | |
|---|---|
| Contributors: | |
| Format: | Print Book |
| Language: | German |
| Published: |
München
Luchterhand
1999
|
| In: | Year: 1999 |
| Online Access: |
Table of Contents Table of Contents |
| Availability in Tübingen: | Present in Tübingen. IFK: E IV 50 |
| Check availability: | HBZ Gateway |
| Subito Delivery Service: | Order now. |
| Keywords: |
MARC
| LEADER | 00000cam a2200000 c 4500 | ||
|---|---|---|---|
| 001 | 270238123 | ||
| 003 | DE-627 | ||
| 005 | 20260206154805.0 | ||
| 007 | tu | ||
| 008 | 990611s1999 gw ||||| 00| ||ger c | ||
| 015 | |a 99,N26,0144 |2 dnb | ||
| 015 | |a 99,A38,0253 |2 dnb | ||
| 016 | 7 | |a 956469310 |2 DE-101 | |
| 020 | |a 3630880002 |c : DM 49.80, sfr 47.80, S 364.00 (Gb.) |9 3-630-88000-2 | ||
| 035 | |a (DE-627)270238123 | ||
| 035 | |a (DE-603)073208183 | ||
| 035 | |a (DE-576)078260000 | ||
| 035 | |a (DE-599)DNB956469310 | ||
| 035 | |a (OCoLC)260113226 | ||
| 035 | |a (OCoLC)43388357 | ||
| 035 | |a (DE-H357)his18637 | ||
| 040 | |a DE-627 |b ger |c DE-627 |e rakwb | ||
| 041 | |a ger |h fre | ||
| 044 | |c XA-DE | ||
| 060 | 0 | |a HQ 31 | |
| 084 | |a S 580 |2 sfb | ||
| 084 | |a S 585 |2 sfb | ||
| 084 | |a PSY 435 |2 sfb | ||
| 084 | |a PHIL 232 |2 sfb | ||
| 084 | |a 14 |a 64 |a 11 |2 sdnb | ||
| 084 | |a MS 2850 |2 rvk |0 (DE-625)rvk/123647: | ||
| 084 | |a BK 6500 |2 rvk |0 (DE-625)rvk/11940: | ||
| 084 | |a DG 5000 |2 rvk |0 (DE-625)rvk/19557: | ||
| 084 | |a XB 6000 |2 rvk |0 (DE-625)rvk/152485:12905 | ||
| 084 | |a 71.25 |2 bkl | ||
| 084 | |a 15.08 |2 bkl | ||
| 100 | 1 | |a Guillebaud, Jean Claude |d 1944-2025 |0 (DE-588)121290719 |0 (DE-627)081207549 |0 (DE-576)16123626X |4 aut | |
| 109 | |a Guillebaud, Jean Claude 1944-2025 |a Guillebaud, Jean-Claude 1944-2025 |a Guillebaud, J.-C. 1944-2025 | ||
| 240 | 1 | 3 | |a La tyrannie du plaisir <dt.> |
| 245 | 1 | 4 | |a Die Tyrannei der Lust |b Sexualität und Gesellschaft |c Jean-Claude Guillebaud. Aus dem Franz. von Barbara Schaden |
| 264 | 1 | |a München |b Luchterhand |c 1999 | |
| 300 | |a 479 S | ||
| 336 | |a Text |b txt |2 rdacontent | ||
| 337 | |a ohne Hilfsmittel zu benutzen |b n |2 rdamedia | ||
| 338 | |a Band |b nc |2 rdacarrier | ||
| 500 | |a Literaturangaben | ||
| 648 | 7 | |a Sozialgeschichte |2 gnd | |
| 650 | 2 | |a Sex Behavior | |
| 650 | 2 | |a Sexuality | |
| 650 | 0 | 7 | |0 (DE-588)4116485-4 |0 (DE-627)105806315 |0 (DE-576)209501987 |a Sexualverhalten |2 gnd |
| 650 | 0 | 7 | |0 (DE-588)4077624-4 |0 (DE-627)104152036 |0 (DE-576)209205849 |a Soziologie |2 gnd |
| 650 | 0 | 7 | |0 (DE-588)4054682-2 |0 (DE-627)106161601 |0 (DE-576)209110023 |a Sexualethik |2 gnd |
| 650 | 4 | |a Sozialgeschichte | |
| 650 | 4 | |a Kulturgeschichte | |
| 650 | 4 | |a Sexualität | |
| 650 | 4 | |a Lust | |
| 650 | 4 | |a Sexualmoral | |
| 650 | 4 | |a Moral | |
| 650 | 4 | |a Ordnung, Erfindung, Masturbation | |
| 689 | 0 | 0 | |d s |0 (DE-588)4116485-4 |0 (DE-627)105806315 |0 (DE-576)209501987 |a Sexualverhalten |2 gnd |
| 689 | 0 | 1 | |d s |0 (DE-588)4077624-4 |0 (DE-627)104152036 |0 (DE-576)209205849 |a Soziologie |2 gnd |
| 689 | 0 | |5 DE-101 | |
| 689 | 1 | 0 | |d s |0 (DE-588)4054682-2 |0 (DE-627)106161601 |0 (DE-576)209110023 |a Sexualethik |2 gnd |
| 689 | 1 | 1 | |a z |2 gnd |a Sozialgeschichte |
| 689 | 1 | |5 DE-101 | |
| 689 | 2 | 0 | |a z |2 gnd |a Sozialgeschichte |
| 689 | 2 | |5 (DE-627) | |
| 700 | 1 | |8 1\p |a Guillebaud, Jean Claude |d 1944-2025 |0 (DE-588)121290719 |0 (DE-627)081207549 |0 (DE-576)16123626X |4 aut | |
| 700 | 1 | |8 2\p |a Schaden, Barbara |d 1959- |0 (DE-588)137213891 |0 (DE-627)591019426 |0 (DE-576)302817697 |4 oth | |
| 700 | 1 | 2 | |a Guillebaud, Jean Claude |d 1944-2025 |t La tyrannie du plaisir <dt.> |
| 856 | 4 | 2 | |u http://www.gbv.de/dms/hbz/toc/ht010847814.pdf |m V:DE-605 |q pdf/application |v 2008-11-15 |x Verlag |y Inhaltsverzeichnis |3 Inhaltsverzeichnis |7 1 |
| 856 | 4 | 2 | |u http://scans.hebis.de/HEBCGI/show.pl?07320818_toc.pdf |m V:DE-603;B:DE-17 |q application/pdf |3 Inhaltsverzeichnis |7 1 |
| 883 | |8 1\p |a cgwrk |d 20241001 |q DE-101 |u https://d-nb.info/provenance/plan#cgwrk | ||
| 883 | |8 2\p |a cgwrk |d 20241001 |q DE-101 |u https://d-nb.info/provenance/plan#cgwrk | ||
| 935 | |a mteo | ||
| 935 | |i Blocktest | ||
| 936 | r | v | |a MS 2850 |b Geschlechterrolle und Sexualverhalten |k Soziologie |k Spezielle Soziologien |k Soziologische Geschlechterforschung (Gender Studies) |k Geschlechterrolle und Sexualverhalten |0 (DE-627)1271156059 |0 (DE-625)rvk/123647: |0 (DE-576)201156059 |
| 936 | r | v | |a BK 6500 |b Geschlechtliche Liebe (Sexus, Eros, Philia, Agape) |k Theologie und Religionswissenschaften |k Theologische Ethik/Moraltheologie |k Spezielle Moraltheologie/Spezielle Ethik |k Verantwortung für Ehe und Geschlechtsleben |k Geschlechtliche Liebe (Sexus, Eros, Philia, Agape) |0 (DE-627)1270725580 |0 (DE-625)rvk/11940: |0 (DE-576)200725580 |
| 936 | r | v | |a DG 5000 |b Sexualerziehung |k Pädagogik |k Spezialfragen der Erziehung |k Sexualerziehung |0 (DE-627)1270769472 |0 (DE-625)rvk/19557: |0 (DE-576)200769472 |
| 936 | r | v | |a XB 6000 |b Allgemeines |k Medizin |k Geschichte der Medizin |k Spezielle Geschichte der Medizin, Geschichte einzelner medizin. Disziplinen |k Gynäkologie, Geburtshilfe |k Allgemeines |0 (DE-627)1270881221 |0 (DE-625)rvk/152485:12905 |0 (DE-576)200881221 |
| 936 | b | k | |a 71.25 |j Sexualität |x Soziologie |0 (DE-627)106409050 |
| 936 | b | k | |a 15.08 |j Sozialgeschichte |0 (DE-627)181571005 |
| 936 | s | n | |a b100 |2 mzub |
| 936 | s | n | |a d100 |2 mzub |
| 936 | s | n | |a m200 |2 mzub |
| 936 | s | n | |a w200 |2 mzub |
| 936 | s | n | |a n100 |2 mzub |
| 936 | s | n | |a c200 |2 mzub |
| 951 | |a BO | ||
| ELC | |b 1 | ||
| LOK | |0 000 xxxxxcx a22 zn 4500 | ||
| LOK | |0 001 3100816021 | ||
| LOK | |0 003 DE-627 | ||
| LOK | |0 004 270238123 | ||
| LOK | |0 005 20020411000000 | ||
| LOK | |0 008 000201||||||||||||||||ger||||||| | ||
| LOK | |0 040 |a DE-21-110 |c DE-627 |d DE-21-110 | ||
| LOK | |0 852 |a DE-21-110 | ||
| LOK | |0 852 1 |c E IV 50 |m p |9 00 | ||
| LOK | |0 935 |a k110 | ||
| LOK | |0 936ln |a 9.5.1 | ||
| LOK | |0 938 |k p | ||
| LOK | |0 939 |a 01-02-00 |b l01 | ||
| ORI | |a SA-MARC-krimdoka001.raw | ||
| SIG | |a IFK: E IV 50 | ||
